[Event "Hampshire Open"]
[Site "Fareham"]
[Date "2022.11.04"]
[Round "1"]
[White "Bezuidenhout, Roland Reinhold"]
[Black "Cave, Iwan"]
[Result "1/2-1/2"]
[WhiteElo "2349"]
[BlackElo "2005"]
[PlyCount "58"]
[EventDate "2022.11.04"]
[EventType "swiss"]
[EventRounds "6"]
[EventCountry "ENG"]
[SourceVersionDate "2022.12.03"]

1. e4 c5 2. Nf3 d6 3. g3 Nf6 4. Qe2 Nc6 5. h3 e5 6. Bg2 Be7 7. O-O O-O 8. c3
Re8 9. d3 Rb8 10. a4 Be6 11. Nbd2 a6 12. Ng5 Bd7 13. Nc4 b5 14. axb5 axb5 15.
Ne3 h6 16. Nf3 Bf8 17. Nd2 Qc8 18. Kh2 Qc7 19. f4 exf4 20. gxf4 d5 21. exd5 Nd4
22. cxd4 cxd4 23. Ne4 dxe3 24. Nxf6+ gxf6 25. Bxe3 Rbc8 26. Be4 Qc2 27. Bd2 f5
28. Rg1+ Bg7 29. Qg2 Qxb2 1/2-1/2

[Event "Hampshire Open"]
[Site "Fareham"]
[Date "2022.11.04"]
[Round "1"]
[White "Forbes, Garry"]
[Black "Gill, Oliver"]
[Result "0-1"]
[WhiteElo "1937"]
[BlackElo "2228"]
[PlyCount "66"]
[EventDate "2022.11.04"]
[EventType "swiss"]
[EventRounds "6"]
[EventCountry "ENG"]
[SourceVersionDate "2022.12.03"]

1. d4 d5 2. Nc3 c5 3. e4 dxe4 4. d5 Nf6 5. f3 exf3 6. Nxf3 a6 7. a4 e6 8. Bc4
exd5 9. Nxd5 Be7 10. O-O O-O 11. Nxe7+ Qxe7 12. Bg5 Be6 13. Qe2 h6 14. Bh4 Nbd7
15. Rae1 Rfe8 16. Qd3 Bxc4 17. Qxc4 Qd6 18. Bg3 Qd5 19. Qh4 Re4 20. Qh3 Rae8
21. Rd1 Qe6 22. Qxe6 R8xe6 23. a5 Re2 24. Rf2 Rxf2 25. Bxf2 Kf8 26. Kf1 Ke7 27.
h3 Ne4 28. Be1 Ndf6 29. Rd3 b5 30. axb6 Rxb6 31. b3 Ke6 32. Rd1 Nd5 33. Ra1
Ne3+ 0-1

[Event "Hampshire Open"]
[Site "Fareham"]
[Date "2022.11.04"]
[Round "1"]
[White "Pye, David E"]
[Black "Johnson, Richard J"]
[Result "1-0"]
[WhiteElo "2139"]
[BlackElo "1909"]
[PlyCount "55"]
[EventDate "2022.11.04"]
[EventType "swiss"]
[EventRounds "6"]
[EventCountry "ENG"]
[SourceVersionDate "2022.12.03"]

1. e4 c5 2. Nc3 e6 3. g3 Nc6 4. Nge2 Nf6 5. Bg2 d5 6. exd5 exd5 7. d4 cxd4 8.
Nxd4 Bb4 9. O-O O-O 10. Bg5 Bxc3 11. bxc3 Qa5 12. Bxf6 gxf6 13. Qf3 Be6 14.
Nxc6 bxc6 15. Qxf6 Rae8 16. Rfe1 Qd8 17. Qf4 Qe7 18. Re3 Kg7 19. Rae1 Qf6 20.
Qd4 Re7 21. Re5 Kh8 22. Bh3 c5 23. Qxc5 Rc8 24. Qe3 Rec7 25. Bxe6 Rxc3 26. Qxa7
R3c7 27. Qe3 Rc3 28. Qg5 1-0

[Event "Hampshire Open"]
[Site "Fareham"]
[Date "2022.11.04"]
[Round "1"]
[White "Northcott, Paul"]
[Black "Saunders, W Nigel R"]
[Result "1/2-1/2"]
[WhiteElo "1901"]
[BlackElo "2134"]
[PlyCount "119"]
[EventDate "2022.11.04"]
[EventType "swiss"]
[EventRounds "6"]
[EventCountry "ENG"]
[SourceVersionDate "2022.12.03"]

1. g4 d5 2. Bg2 e5 3. c4 c6 4. cxd5 cxd5 5. Qb3 Ne7 6. Nc3 Nbc6 7. Bxd5 Nxd5 8.
Qxd5 Bxg4 9. Qe4 Qd4 10. Qg2 O-O-O 11. d3 f6 12. Be3 Qd7 13. Rc1 Kb8 14. a3 Be6
15. h4 Nd4 16. Nf3 Nb3 17. Rd1 Qc6 18. O-O Be7 19. Nd2 Qxg2+ 20. Kxg2 Nd4 21.
Bxd4 Rxd4 22. Nf3 Rdd8 23. d4 exd4 24. Rxd4 Bc5 25. Rxd8+ Rxd8 26. Rd1 Rxd1 27.
Nxd1 Bd5 28. Nc3 Bc6 29. e4 Kc8 30. Nd2 Bd4 31. f3 b6 32. Nc4 Kd7 33. Kg3 Ke6
34. Ne2 Be5+ 35. f4 Bb8 36. Nd4+ Kd7 37. Kf3 Bb7 38. b4 g6 39. Ke3 Ke7 40. a4
Kd7 41. a5 bxa5 42. Nxa5 Ba8 43. Nc4 h6 44. b5 g5 45. fxg5 fxg5 46. hxg5 hxg5
47. b6 Bb7 48. bxa7 Bxa7 49. Ne5+ Ke7 50. Kd3 Ba6+ 51. Kc3 Bc5 52. Ndf3 Be3 53.
Nd4 Bf4 54. Ng6+ Kf6 55. Nxf4 gxf4 56. Nf3 Be2 57. Ng1 Bg4 58. Kd4 Ke6 59. e5
Kf5 60. e6 1/2-1/2

[Event "Hampshire Open"]
[Site "Fareham"]
[Date "2022.11.05"]
[Round "2"]
[White "Gill, Oliver"]
[Black "Pye, David E"]
[Result "1/2-1/2"]
[WhiteElo "2228"]
[BlackElo "2139"]
[PlyCount "62"]
[EventDate "2022.11.04"]
[EventType "swiss"]
[EventRounds "6"]
[EventCountry "ENG"]
[SourceVersionDate "2022.12.03"]

1. e4 e6 2. d4 d5 3. Bd3 dxe4 4. Bxe4 Nf6 5. Bf3 Nbd7 6. g3 e5 7. Be3 e4 8. Bg2
Nb6 9. Nd2 Bf5 10. Ne2 Qd7 11. O-O O-O-O 12. c4 Kb8 13. Nc3 Bb4 14. Qb3 Bxc3
15. Qxc3 Bh3 16. d5 Bxg2 17. Kxg2 Nbxd5 18. cxd5 Nxd5 19. Bxa7+ Kxa7 20. Qa5+
Kb8 21. Nxe4 Rhe8 22. Rfe1 Qf5 23. Nc5 Rxe1 24. Rxe1 b6 25. Qb5 c6 26. Qxc6
bxc5 27. Qb5+ Kc8 28. Qxc5+ Kd7 29. Qb5+ Kd6 30. Qa6+ Kd7 31. Qb5+ Kd6 1/2-1/2

[Event "Hampshire Open"]
[Site "Fareham"]
[Date "2022.11.05"]
[Round "2"]
[White "Saunders, W Nigel R"]
[Black "Bezuidenhout, Roland Reinhold"]
[Result "0-1"]
[WhiteElo "2134"]
[BlackElo "2349"]
[PlyCount "68"]
[EventDate "2022.11.04"]
[EventType "swiss"]
[EventRounds "6"]
[EventCountry "ENG"]
[SourceVersionDate "2022.12.03"]

1. d4 e6 2. e4 d5 3. Nd2 Be7 4. Bd3 c5 5. Ngf3 c4 6. Be2 Nf6 7. e5 Nfd7 8. O-O
b5 9. c3 Nc6 10. Ne1 a5 11. f4 Qb6 12. Ndf3 Ba6 13. Be3 f5 14. exf6 gxf6 15.
Qd2 O-O-O 16. f5 e5 17. dxe5 Bc5 18. Bxc5 Nxc5 19. Qe3 fxe5 20. Ng5 d4 21. cxd4
exd4 22. Qf2 h6 23. Ne6 Ne4 24. Qf4 d3+ 25. Kh1 dxe2 26. Rf3 Rd1 27. Qxe4 Rxa1
28. Qxe2 Nd4 29. Nxd4 Qxd4 30. Qe6+ Kb8 31. Re3 Bc8 32. Qe7 Bxf5 33. Re5 Bd7
34. Re4 Re8 0-1

[Event "Hampshire Open"]
[Site "Fareham"]
[Date "2022.11.05"]
[Round "2"]
[White "Cave, Iwan"]
[Black "Northcott, Paul"]
[Result "1-0"]
[WhiteElo "2005"]
[BlackElo "1901"]
[PlyCount "53"]
[EventDate "2022.11.04"]
[EventType "swiss"]
[EventRounds "6"]
[EventCountry "ENG"]
[SourceVersionDate "2022.12.03"]

1. e4 g6 2. d4 c5 3. Nf3 Bg7 4. c4 Nc6 5. d5 Nd4 6. Nc3 d6 7. h3 Bd7 8. Be3 Qb6
9. Qd2 h5 10. Be2 Nh6 11. O-O O-O-O 12. Rab1 Nxf3+ 13. Bxf3 Qb4 14. Rfc1 Rh7
15. a3 Qxc4 16. b4 Rdh8 17. Be2 Bxc3 18. Qc2 Ba4 19. Qxa4 Qxe2 20. Rxc3 Qa2 21.
Rbc1 Ng4 22. bxc5 Nxe3 23. cxd6+ Kb8 24. d7 a6 25. Rc8+ Ka7 26. Qd4+ b6 27.
R1c7# 1-0

[Event "Hampshire Open"]
[Site "Fareham"]
[Date "2022.11.05"]
[Round "2"]
[White "Johnson, Richard J"]
[Black "Forbes, Garry"]
[Result "1/2-1/2"]
[WhiteElo "1909"]
[BlackElo "1937"]
[PlyCount "32"]
[EventDate "2022.11.04"]
[EventType "swiss"]
[EventRounds "6"]
[EventCountry "ENG"]
[SourceVersionDate "2022.12.03"]

1. e4 d5 2. exd5 Nf6 3. Nc3 Nxd5 4. d4 Bf5 5. Bc4 e6 6. Nge2 Nb6 7. Bd3 Bxd3 8.
Qxd3 Be7 9. O-O O-O 10. Bf4 Nd5 11. Nxd5 exd5 12. Rad1 Nd7 13. Ng3 g6 14. Rfe1
Bf6 15. Bh6 Bg7 16. Bxg7 Kxg7 1/2-1/2

[Event "Hampshire Open"]
[Site "Fareham"]
[Date "2022.11.05"]
[Round "3"]
[White "Bezuidenhout, Roland Reinhold"]
[Black "Gill, Oliver"]
[Result "0-1"]
[WhiteElo "2349"]
[BlackElo "2228"]
[PlyCount "98"]
[EventDate "2022.11.04"]
[EventType "swiss"]
[EventRounds "6"]
[EventCountry "ENG"]
[SourceVersionDate "2022.12.03"]

1. e4 e5 2. Bc4 Nf6 3. d3 c6 4. Nf3 d5 5. Bb3 Bb4+ 6. c3 Bd6 7. exd5 cxd5 8.
Bg5 Be6 9. O-O O-O 10. Nbd2 Nbd7 11. Re1 Qc7 12. Rc1 Rac8 13. h3 Qb8 14. Bh4
Rfe8 15. Nf1 h6 16. Bg3 Rcd8 17. Ne3 Nc5 18. d4 Nxb3 19. Qxb3 e4 20. Bxd6 Rxd6
21. Nh4 Qc8 22. g4 h5 23. Nhf5 Bxf5 24. gxf5 Nh7 25. Qd1 Ng5 26. Qxh5 Nf3+ 27.
Kh1 Rh6 28. Qg4 Qb8 29. Qg3 Qxg3 30. fxg3 Rxh3+ 31. Kg2 Rh2+ 32. Kf1 Rh1+ 33.
Kf2 Rxe1 34. Rxe1 Nxe1 35. Kxe1 Rd8 36. g4 Kf8 37. Kf2 Ke7 38. g5 Kd6 39. Kg3
Rh8 40. g6 fxg6 41. fxg6 Ke6 42. Ng2 Kf5 43. Ne3+ Ke6 44. Ng2 Kf6 45. Nf4 Rd8
46. Kg4 b5 47. a3 a6 48. b3 a5 49. b4 a4 0-1

[Event "Hampshire Open"]
[Site "Fareham"]
[Date "2022.11.05"]
[Round "3"]
[White "Forbes, Garry"]
[Black "Saunders, W Nigel R"]
[Result "0-1"]
[WhiteElo "1937"]
[BlackElo "2134"]
[PlyCount "122"]
[EventDate "2022.11.04"]
[EventType "swiss"]
[EventRounds "6"]
[EventCountry "ENG"]
[SourceVersionDate "2022.12.03"]

1. d4 Nf6 2. Nc3 d5 3. Bf4 a6 4. e3 Bf5 5. f3 e6 6. g4 Bg6 7. h4 h5 8. g5 Nfd7
9. Bd3 Bxd3 10. Qxd3 c5 11. Nge2 Nc6 12. Kf2 g6 13. Kg2 Bg7 14. Rad1 b5 15.
dxc5 Nxc5 16. Qd2 O-O 17. a3 e5 18. Bg3 d4 19. Ne4 Nxe4 20. fxe4 Qb6 21. Bf2
Qb7 22. Ng3 dxe3 23. Qxe3 Nd4 24. c3 Ne6 25. Ne2 Rad8 26. Bg3 Qc6 27. Bf2 Rfe8
28. Rhe1 Bf8 29. Qf3 Be7 30. Be3 Rd7 31. Rf1 Bf8 32. Ng3 Bg7 33. Rxd7 Qxd7 34.
Rd1 Qc6 35. Rd5 Nc7 36. Rd1 Qe6 37. Rd2 Bf8 38. Ne2 Be7 39. Ng3 Rf8 40. Qe2 Ne8
41. Rd5 Nd6 42. Bc5 f5 43. gxf6 Rxf6 44. Qd2 Nf7 45. Bxe7 Qxe7 46. Rd7 Qe6 47.
Ra7 Qg4 48. Qd7 Qxd7 49. Rxd7 Rd6 50. Rxd6 Nxd6 51. b3 a5 52. Kf3 a4 53. bxa4
bxa4 54. Ke3 Nc4+ 55. Kd3 Nxa3 56. c4 Kf7 57. Kc3 Ke6 58. Kb4 Nc2+ 59. Kxa4 Nd4
60. Kb4 Nf3 61. c5 Nxh4 0-1

[Event "Hampshire Open"]
[Site "Fareham"]
[Date "2022.11.05"]
[Round "3"]
[White "Northcott, Paul"]
[Black "Johnson, Richard J"]
[Result "1-0"]
[WhiteElo "1901"]
[BlackElo "1909"]
[PlyCount "57"]
[EventDate "2022.11.04"]
[EventType "swiss"]
[EventRounds "6"]
[EventCountry "ENG"]
[SourceVersionDate "2022.12.03"]

1. e4 c5 2. f4 d5 3. exd5 Nf6 4. c4 e6 5. dxe6 Bxe6 6. Nf3 Nc6 7. Nc3 Be7 8.
Be2 O-O 9. a3 Qd7 10. O-O Rad8 11. Rb1 Bf5 12. Ra1 Rfe8 13. Kh1 a6 14. Ne5 Qc7
15. Nxc6 Qxc6 16. Bf3 Qc7 17. Nd5 Nxd5 18. Bxd5 Bf6 19. d3 Be6 20. Be4 h6 21.
Qf3 b6 22. f5 Bc8 23. Qg4 Kh8 24. Qh5 Qe7 25. Bxh6 gxh6 26. Qxh6+ Kg8 27. Rf3
Be5 28. f6 Qf8 29. Qh7# 1-0

[Event "Hampshire Open"]
[Site "Fareham"]
[Date "2022.11.05"]
[Round "4"]
[White "Saunders, W Nigel R"]
[Black "Cave, Iwan"]
[Result "0-1"]
[WhiteElo "2134"]
[BlackElo "2005"]
[PlyCount "70"]
[EventDate "2022.11.04"]
[EventType "swiss"]
[EventRounds "6"]
[EventCountry "ENG"]
[SourceVersionDate "2022.12.03"]

1. d4 Nf6 2. Nf3 c5 3. d5 e6 4. c4 exd5 5. cxd5 d6 6. Nc3 g6 7. Bg5 h6 8. Bh4
Bg7 9. e4 O-O 10. Bd3 Bg4 11. h3 Bxf3 12. Qxf3 Nbd7 13. Bg3 Re8 14. O-O Ne5 15.
Qe2 Nxd3 16. Qxd3 b5 17. Rae1 c4 18. Qc2 Qb6 19. Kh1 b4 20. Nd1 Rac8 21. Re3
Nh5 22. Bh2 Bd4 23. Rf3 Nf6 24. Ne3 c3 25. b3 Nxe4 26. Nc4 Rxc4 27. bxc4 Nd2
28. Qd3 Nxf1 29. Qxf1 c2 30. Bf4 Bc3 31. Be3 Qa5 32. c5 Qxa2 33. Qb5 Rxe3 34.
Rxe3 c1=Q+ 35. Kh2 Qxf2 0-1

[Event "Hampshire Open"]
[Site "Fareham"]
[Date "2022.11.06"]
[Round "5"]
[White "Cave, Iwan"]
[Black "Gill, Oliver"]
[Result "1/2-1/2"]
[WhiteElo "2005"]
[BlackElo "2228"]
[PlyCount "31"]
[EventDate "2022.11.04"]
[EventType "swiss"]
[EventRounds "6"]
[EventCountry "ENG"]
[SourceVersionDate "2022.12.03"]

1. e4 e6 2. b3 d5 3. Bb2 dxe4 4. Nc3 Nf6 5. Qe2 Be7 6. Nxe4 O-O 7. Nf3 b6 8.
O-O-O a5 9. a4 Bb7 10. Nxf6+ Bxf6 11. d4 Na6 12. Ne5 Nb4 13. Kb1 c6 14. h4 b5
15. axb5 cxb5 16. Qxb5 1/2-1/2

[Event "Hampshire Open"]
[Site "Fareham"]
[Date "2022.11.06"]
[Round "5"]
[White "Pye, David E"]
[Black "Bezuidenhout, Roland Reinhold"]
[Result "1/2-1/2"]
[WhiteElo "2349"]
[BlackElo "2349"]
[PlyCount "65"]
[EventDate "2022.11.04"]
[EventType "swiss"]
[EventRounds "6"]
[EventCountry "ENG"]
[SourceVersionDate "2022.12.03"]

1. e4 e6 2. Nc3 d5 3. Nf3 Nf6 4. e5 Nfd7 5. d4 Be7 6. Bd3 c5 7. dxc5 Nc6 8. Qe2
Nxc5 9. O-O a6 10. Rd1 g5 11. Be3 h5 12. Bc4 g4 13. Bxd5 exd5 14. Rxd5 Qc7 15.
Rxc5 gxf3 16. Nd5 Qxe5 17. Qd2 Be6 18. Nxe7 Qxb2 19. Re1 Kxe7 20. Rxc6 bxc6 21.
Bc5+ Ke8 22. Qd6 Qb7 23. Rxe6+ fxe6 24. Qxe6+ Kd8 25. Qf6+ Kd7 26. Qg7+ Kc8 27.
Qxh8+ Kd7 28. Qg7+ Kc8 29. Qf8+ Kd7 30. Qe7+ Kc8 31. Qe8+ Kc7 32. Qe5+ Kd7 33.
Qe7+ 1/2-1/2

[Event "Hampshire Open"]
[Site "Fareham"]
[Date "2022.11.06"]
[Round "5"]
[White "Northcott, Paul"]
[Black "Forbes, Garry"]
[Result "1/2-1/2"]
[WhiteElo "2349"]
[BlackElo "2349"]
[PlyCount "65"]
[EventDate "2022.11.04"]
[EventType "swiss"]
[EventRounds "6"]
[EventCountry "ENG"]
[SourceVersionDate "2022.12.03"]

1. b3 d5 2. f4 Bg4 3. h3 Bh5 4. g4 e6 5. Nf3 Bg6 6. Bb2 c5 7. e3 Nc6 8. Bb5
Nge7 9. Ne5 Be4 10. O-O a6 11. Bxc6+ bxc6 12. d3 Bg6 13. Nd2 f6 14. f5 exf5 15.
gxf5 Nxf5 16. Nxg6 hxg6 17. Qg4 Kf7 18. Nf3 Qd6 19. e4 Qg3+ 20. Qxg3 Nxg3 21.
Ne5+ Kg8 22. Rf3 Bd6 23. Rxg3 Bxe5 24. Bxe5 fxe5 25. Rxg6 Rh6 26. Rxh6 gxh6 27.
Kf2 Kf7 28. Re1 Re8 29. Ke2 Rg8 30. Kf3 Ke6 31. c4 d4 32. Rf1 a5 33. Kf2
1/2-1/2

[Event "Hampshire Open"]
[Site "Fareham"]
[Date "2022.11.06"]
[Round "5"]
[White "Johnson, Richard J"]
[Black "Saunders, W Nigel R"]
[Result "0-1"]
[WhiteElo "1909"]
[BlackElo "2134"]
[PlyCount "82"]
[EventDate "2022.11.04"]
[EventType "swiss"]
[EventRounds "6"]
[EventCountry "ENG"]
[SourceVersionDate "2022.12.03"]

1. e4 e6 2. d4 d5 3. e5 c5 4. c3 Bd7 5. Nf3 Nc6 6. a3 a5 7. Bd3 h6 8. O-O c4 9.
Bc2 a4 10. Bxa4 Nxe5 11. Bxd7+ Nxd7 12. Nbd2 Ngf6 13. b4 Bd6 14. a4 Qc7 15. Re1
O-O 16. Qc2 Ra7 17. Nb1 Rfa8 18. Na3 Rxa4 19. Nb5 Rxa1 20. Nxc7 Bxc7 21. g3 b5
22. Bb2 R1a2 23. Qb1 Ne4 24. Kf1 Ndf6 25. Re2 Ng4 26. h3 Ngf6 27. Rc2 Nd7 28.
Kg2 R2a6 29. Nd2 Nxd2 30. Rxd2 Nf6 31. f3 Nh5 32. f4 Nf6 33. Re2 Ne4 34. Qf1 f5
35. Qf3 g6 36. h4 h5 37. Rc2 Ra2 38. Re2 Bd6 39. Bc1 Nxc3 40. Rxa2 Rxa2+ 41.
Kh3 Ne4 {Best game prize} 0-1

[Event "Hampshire Open"]
[Site "Fareham"]
[Date "2022.11.06"]
[Round "6"]
[White "Saunders, W Nigel R"]
[Black "Pye, David E"]
[Result "1-0"]
[WhiteElo "2134"]
[BlackElo "2139"]
[PlyCount "101"]
[EventDate "2022.11.04"]
[EventType "swiss"]
[EventRounds "6"]
[EventCountry "ENG"]
[SourceVersionDate "2022.12.03"]

1. e4 e6 2. d4 d5 3. e5 c5 4. c3 Nc6 5. Nf3 Qb6 6. Bd3 cxd4 7. O-O Bd7 8. Re1
h6 9. a4 a6 10. Bc2 dxc3 11. bxc3 Bc5 12. Qe2 Nge7 13. Nbd2 Ng6 14. Nb3 Be7 15.
Rb1 Qc7 16. Bxg6 fxg6 17. Qd3 O-O-O 18. Qxg6 Rdf8 19. Nbd4 Nxd4 20. Nxd4 Re8
21. Nxe6 Qxc3 22. Bb2 Qa5 23. Rec1+ Kb8 24. Nxg7 Rc8 25. e6 Bc6 26. Be5+ Ka8
27. Qf7 Qd8 28. Nf5 Re8 29. a5 d4 30. Nxd4 Be4 31. Rxc8+ Qxc8 32. Ra1 Bc5 33.
Qd7 Bxd4 34. Qxc8+ Rxc8 35. Bxd4 Re8 36. Rc1 Bf5 37. e7 Rxe7 38. f3 Kb8 39. Bb6
Re6 40. Rd1 Rf6 41. Rd8+ Bc8 42. Kf2 h5 43. Rh8 Rf5 44. g3 Rb5 45. h4 Rb2+ 46.
Ke3 Rb3+ 47. Kf4 Rb4+ 48. Kg5 Rb5+ 49. Kg6 Rb3 50. Kxh5 Rxf3 51. g4 1-0

[Event "Hampshire Open"]
[Site "Fareham"]
[Date "2022.11.06"]
[Round "6"]
[White "Gill, Oliver"]
[Black "Northcott, Paul"]
[Result "1-0"]
[WhiteElo "2228"]
[BlackElo "1901"]
[PlyCount "93"]
[EventDate "2022.11.04"]
[EventType "swiss"]
[EventRounds "6"]
[EventCountry "ENG"]
[SourceVersionDate "2022.12.03"]

1. e4 e5 2. Nf3 Nc6 3. Bb5 Nf6 4. O-O Nxe4 5. d4 Nd6 6. Bxc6 dxc6 7. dxe5 Nf5
8. Qxd8+ Kxd8 9. b3 Be7 10. Bb2 Be6 11. Nbd2 Kd7 12. Ne4 Rad8 13. Rfd1+ Kc8 14.
Nfg5 h6 15. Nxe6 fxe6 16. Kf1 Rhf8 17. Ke2 Nh4 18. Rxd8+ Rxd8 19. g3 Nf5 20.
Rd1 Rd5 21. c4 Ra5 22. a4 Bb4 23. f4 b5 24. Ra1 bxc4 25. bxc4 Kd7 26. c5 Bxc5
27. Bc3 Bd4 28. Bxa5 Bxa1 29. Kd3 h5 30. Nc5+ Ke7 31. Nb3 Bb2 32. Bb4+ Kf7 33.
Bc5 g5 34. Kc2 h4 35. Kxb2 hxg3 36. hxg3 Nxg3 37. fxg5 Kg6 38. Bxa7 Kxg5 39.
Bd4 Nf5 40. a5 Ne7 41. a6 Nc8 42. a7 Nxa7 43. Bxa7 Kf5 44. Bd4 Ke4 45. Kc3 Kd5
46. Kd3 c5 47. Nxc5 1-0

[Event "Hampshire Open"]
[Site "Fareham"]
[Date "2022.11.06"]
[Round "6"]
[White "Bezuidenhout, Roland Reinhold"]
[Black "Johnson, Richard J"]
[Result "1-0"]
[WhiteElo "2349"]
[BlackElo "1909"]
[PlyCount "67"]
[EventDate "2022.11.04"]
[EventType "swiss"]
[EventRounds "6"]
[EventCountry "ENG"]
[SourceVersionDate "2022.12.03"]

1. e4 c5 2. Nf3 e6 3. g3 Nc6 4. Bg2 Qc7 5. O-O Nf6 6. Re1 d6 7. c3 Be7 8. d4
O-O 9. d5 Ne5 10. Nxe5 dxe5 11. c4 Bd7 12. Nc3 a6 13. a4 Rad8 14. Qe2 h6 15.
Be3 Bd6 16. h3 exd5 17. cxd5 Ne8 18. Rec1 a5 19. Nb5 Bxb5 20. Qxb5 b6 21. h4
Qa7 22. Bh3 Nc7 23. Qe2 Na6 24. Bf5 Nb4 25. Qg4 Kh8 26. Qh5 g6 27. Qxh6+ Kg8
28. Bh3 Rfe8 29. h5 Bf8 30. Qg5 Rd6 31. Bf5 Qe7 32. Qg4 Qf6 33. hxg6 fxg6 34.
Be6+ 1-0

[Event "Hampshire Open"]
[Site "Fareham"]
[Date "2022.11.06"]
[Round "6"]
[White "Forbes, Garry"]
[Black "Cave, Iwan"]
[Result "0-1"]
[WhiteElo "1937"]
[BlackElo "2005"]
[PlyCount "82"]
[EventDate "2022.11.04"]
[EventType "swiss"]
[EventRounds "6"]
[EventCountry "ENG"]
[SourceVersionDate "2022.12.03"]

1. d4 Nf6 2. Nc3 d5 3. Bf4 Bf5 4. e3 e6 5. f3 c6 6. g4 Bg6 7. Bd3 Nbd7 8. h4
Qb6 9. Rb1 c5 10. Bb5 h6 11. Nge2 a6 12. Bd3 O-O-O 13. Bxg6 fxg6 14. Kf1 Bd6
15. Kg2 cxd4 16. exd4 Rhf8 17. Qd2 Kb8 18. b4 e5 19. dxe5 Nxe5 20. Rhf1 Nc4 21.
Bxd6+ Rxd6 22. Qd3 Ne3+ 23. Kg3 Nxf1+ 24. Rxf1 d4 25. Ne4 Nxe4+ 26. Qxe4 Rfd8
27. a3 Re6 28. Qd3 Qd6+ 29. Kg2 Re3 30. Qd2 Rc8 31. Rf2 d3 32. cxd3 Rxd3 33.
Qf4 Qxf4 34. Nxf4 Rxa3 35. Nxg6 Rb3 36. Nf4 Rxb4 37. Nh5 Rc7 38. Ng3 a5 39. Nf5
Rd7 40. Ra2 a4 41. Kg3 b5 0-1

[Event "Hampshire Major"]
[Site "Fareham"]
[Date "2022.11.04"]
[Round "1"]
[White "Arnold, Simon"]
[Black "Lawrence, Simon"]
[Result "1/2-1/2"]
[WhiteElo "1867"]
[BlackElo "1718"]
[PlyCount "66"]
[EventDate "2022.11.04"]
[EventType "swiss"]
[EventRounds "6"]
[EventCountry "ENG"]
[SourceVersionDate "2022.12.05"]

1. e4 e6 2. d4 d5 3. exd5 exd5 4. Nf3 Nc6 5. c3 Bd6 6. Bd3 Nge7 7. Qc2 h6 8.
O-O Bg4 9. Nh4 Qd7 10. f4 O-O-O 11. h3 g5 12. fxg5 hxg5 13. Nf5 Bxf5 14. Rxf5
Qe6 15. Qf2 Qg6 16. Rf3 Qh5 17. g4 Qh6 18. Bf1 f5 19. Rxf5 Nxf5 20. Qxf5+ Rd7
21. Bxg5 Qf8 22. Bd3 Ne7 23. Qxf8+ Rxf8 24. Bxe7 Rxe7 25. Bf5+ Kd8 26. Nd2 Re2
27. Rd1 Rfe8 28. h4 Rh2 29. Nf3 Rxb2 30. h5 Ree2 31. h6 Bf8 32. Ne5 Rg2+ 33.
Kf1 Rbf2+ 1/2-1/2

[Event "Hampshire Major"]
[Site "Fareham"]
[Date "2022.11.04"]
[Round "1"]
[White "Deacon, Matthew"]
[Black "Edney, Richard"]
[Result "1/2-1/2"]
[WhiteElo "1717"]
[BlackElo "1859"]
[PlyCount "55"]
[EventDate "2022.11.04"]
[EventType "swiss"]
[EventRounds "6"]
[EventCountry "ENG"]
[SourceVersionDate "2022.12.05"]

1. d4 Nf6 2. c4 g6 3. Nc3 Bg7 4. e4 d6 5. Nf3 O-O 6. Be2 e5 7. d5 Nbd7 8. O-O
a5 9. Bg5 h6 10. Bh4 Nc5 11. Qc2 g5 12. Bg3 Nh5 13. h4 Nxg3 14. fxg3 g4 15. Ne1
Qe7 16. Nd3 Nxd3 17. Bxd3 Bd7 18. b3 h5 19. a3 Bh6 20. Qe2 Kh7 21. Nd1 c5 22.
a4 f6 23. Ne3 Bxe3+ 24. Qxe3 Rf7 25. Rf2 Rg8 26. Raf1 Rg6 27. Qd2 b6 28. Qc2
1/2-1/2

[Event "Hampshire Major"]
[Site "Fareham"]
[Date "2022.11.04"]
[Round "1"]
[White "McClatchey, Rob"]
[Black "Syed, Ashraf"]
[Result "1-0"]
[WhiteElo "1838"]
[BlackElo "1714"]
[PlyCount "37"]
[EventDate "2022.11.04"]
[EventType "swiss"]
[EventRounds "6"]
[EventCountry "ENG"]
[SourceVersionDate "2022.12.05"]

1. e4 d6 2. Nc3 Nf6 3. f4 Bg4 4. Nf3 Nbd7 5. h3 Bxf3 6. Qxf3 c6 7. Bc4 e5 8. d3
Be7 9. Bb3 Qc7 10. Be3 Nf8 11. fxe5 dxe5 12. O-O Ng6 13. Qf2 b6 14. Ne2 O-O 15.
Ng3 Bd6 16. Nf5 Rad8 17. Nxg7 Kxg7 18. Qxf6+ Kg8 19. Bh6 1-0

[Event "Hampshire Major"]
[Site "Fareham"]
[Date "2022.11.04"]
[Round "1"]
[White "Jones, Eric"]
[Black "Bradley, William"]
[Result "1/2-1/2"]
[WhiteElo "1703"]
[BlackElo "1827"]
[PlyCount "60"]
[EventDate "2022.11.04"]
[EventType "swiss"]
[EventRounds "6"]
[EventCountry "ENG"]
[SourceVersionDate "2022.12.05"]

1. c4 Nf6 2. g3 g6 3. Bg2 Bg7 4. Nc3 O-O 5. d4 c6 6. e3 d5 7. cxd5 Nxd5 8. Nge2
Na6 9. O-O Nac7 10. a3 Re8 11. Bd2 e5 12. dxe5 Bxe5 13. Nxd5 Nxd5 14. e4 Nb6
15. Bc3 Bxc3 16. Nxc3 Be6 17. Qc2 Nd7 18. Rad1 Qb6 19. b4 a5 20. Na4 Qb5 21.
Nc5 Nxc5 22. Qxc5 Qxc5 23. bxc5 a4 24. Rd4 Bb3 25. f4 Red8 26. Rd6 Kf8 27. e5
Ke7 28. Rc1 Ra5 29. Rc3 Be6 30. Bf1 Bd5 1/2-1/2

[Event "Hampshire Major"]
[Site "Fareham"]
[Date "2022.11.04"]
[Round "1"]
[White "Sharples, Harry"]
[Black "Dore, Alex"]
[Result "1-0"]
[WhiteElo "1794"]
[BlackElo "1700"]
[PlyCount "117"]
[EventDate "2022.11.04"]
[EventType "swiss"]
[EventRounds "6"]
[EventCountry "ENG"]
[SourceVersionDate "2022.12.05"]

1. d4 Nf6 2. c4 e6 3. Nc3 c5 4. d5 exd5 5. cxd5 d6 6. e4 g6 7. f4 Bg7 8. Bb5+
Nfd7 9. a4 O-O 10. Nf3 Re8 11. Qc2 Na6 12. Bxa6 bxa6 13. a5 f5 14. O-O fxe4 15.
Nxe4 Nf6 16. Nxf6+ Bxf6 17. Bd2 Bf5 18. Qc4 Bxb2 19. Rae1 Qf6 20. Kh1 Rxe1 21.
Rxe1 Bg4 22. Ng5 Qd4 23. Qxd4 Bxd4 24. h3 Bd7 25. Re7 Rd8 26. Nxh7 Bb5 27. Ng5
Rd7 28. Re8+ Kg7 29. Ne6+ Kf6 30. Nxd4 cxd4 31. Re4 d3 32. Re6+ Kf7 33. Kg1 Bc4
34. Bc3 Bxd5 35. Rf6+ Ke8 36. Rxg6 Be4 37. Re6+ Re7 38. Rxd6 Kf7 39. Kf2 Rc7
40. Rd4 Rxc3 41. Rxe4 Rc2+ 42. Kf3 Ra2 43. Rd4 d2 44. Ke3 d1=Q 45. Rxd1 Rxg2
46. Kf3 Ra2 47. Rd5 Ke6 48. Rh5 Kf7 49. Kg4 Ra4 50. Rc5 Ke8 51. h4 Rb4 52. h5
Rb5 53. Re5+ Kf7 54. Kf5 Kg7 55. Ke6 Kh6 56. f5 Rb7 57. f6 Rb8 58. f7 Rf8 59.
Ke7 1-0

[Event "Hampshire Major"]
[Site "Fareham"]
[Date "2022.11.04"]
[Round "1"]
[White "Collyer, David"]
[Black "Wilcock, Peter"]
[Result "1-0"]
[WhiteElo "1692"]
[BlackElo "1789"]
[PlyCount "87"]
[EventDate "2022.11.04"]
[EventType "swiss"]
[EventRounds "6"]
[EventCountry "ENG"]
[SourceVersionDate "2022.12.05"]

1. e4 c5 2. Nf3 d6 3. Bb5+ Bd7 4. Bxd7+ Qxd7 5. O-O g6 6. c3 Bg7 7. d4 cxd4 8.
cxd4 e6 9. Nc3 Ne7 10. Be3 O-O 11. Qd2 d5 12. e5 a6 13. a4 Nbc6 14. Rfc1 Nf5
15. Bf4 f6 16. g4 Nfe7 17. Re1 Rf7 18. a5 fxe5 19. Nxe5 Nxe5 20. Bxe5 Bxe5 21.
Rxe5 Nc6 22. Re2 e5 23. dxe5 Qxg4+ 24. Kf1 Nd4 25. Re3 Nb3 26. Qxd5 Nxa1 27.
Ne4 Kg7 28. e6 Re7 29. Qd4+ Kh6 30. Qc3 Qxe6 31. Rh3+ Qxh3+ 32. Qxh3+ Kg7 33.
Qc3+ Kh6 34. Qd2+ Kg7 35. Qd4+ Kh6 36. Nf6 Re1+ 37. Kg2 Nb3 38. Ng4+ Kg5 39.
h4+ Kxh4 40. Qf4 g5 41. Qf3 Kh5 42. Ne3+ Kh6 43. Qf6+ Kh5 44. Qf7+ 1-0